1788 1815 1323 1361 1884 1852 1306 1790 1417 1621 1171 1006 1623 1894 1718 1500 1236 1315 1897 1261 1211 1738 1065 1976 1600 1738 1616 1227 1817 1130 1296 1039 1947 1090 1030 1624 1464 1759 1890 1011 1330 1261 1494 1184 1609 1845 1947 1436 1238 1737 1879 1510 1723 1873 1001 1101 1633 1277 1851 1437 1777 1363 1166 1617 1326 1674 1715 1547 1452 1048 1303 1785 1513 1063 1524 1822 1783 1024 1984 1355 1996 1514 1213 1147 1480 1118 1347 1720 1967 1222 1284 1792 1228 1016 1458 1522 1400 1165 1097 BCNSPRNW ULIB Ver.6.0+V

เปลี่ยนเป็นภาษาไทย

Change to English
 แสดงรายละเอียดบรรณานุกรม
  กลับหน้าหลัก

Brief Record : Get Marc (ISO 2709) : E-mail record : QR code < ปิดหน้าต่าง
LEADER : 00000nam 2200000uu 4500
001    13399108875
003     ULIB
008    110315s2544||||th 000 0 tha d
020    9742941009
060 04 WY100^bม435 2544
245 00 มาตรฐานการพยาบาลในชุมชน /^cบรรณาธิการ ส่งศรีกิตติรักษ์ตระกูล, สารา วงษ์เจริญ, ศิริมา ลีละวงศ์ ; ผู้เรียบเรียง ส่งศรี กิตติรักษ์ตระกูล ... [และคนอื่นๆ]
250    ฉบับปรับปรุงครั้งที่ 2
260    กรุงเทพฯ :^bกองการพยาบาล สำนักงานปลัดกระทรวงกระทรวงสาธารณสุข,^c2544
300    [12] 155 หน้า :^bภาพประกอบ ;^c26 ซม.
504    บรรณานุกรม
650  2 Nursing^zThailand^xstandards
650  7 การพยาบาล^zไทย^xมาตรฐาน
700 0  ส่งศรี กิตติรักษ์ตระกูล,^eบรรณาธิการ
700 0  สารา วงษ์เจริญ,^eบรรณาธิการ
700 0  ศิริมา ลีละวงศ์,^eบรรณาธิการ
710 2  สำนักงานปลัดกระทรวงสาธารณสุข.^bสำนักงานปลัดกระทรวง.^bกองการพยาบาล
945    ^p0^l0^i015637
945    ^p0^l0^i015635
945    ^p0^l0^i015636
945    ^p0^l0^i015416
995    ทศพร
999 ^a ใช้งานได้ทุกระบบ
รายการนี้ยังไม่มีแท็ก
คุณยังไม่ได้ล็อกอิน คุณสามารถมีกิจกรรมร่วมกับเว็บไซต์ได้ แต่ต้องล็อกอินก่อน ::
  ล็อกอิน

รายการสื่อสารสนเทศ

ลำดับที่ ประเภท เลขเรียก/บาร์โค้ด สถานที่ สถานะ
- ไม่พบข้อมูล -

BibComment


ยังไม่เคยถูกคอมเมนท์

คอมเมนท์ทรัพยากรรายการนี้
  คอมเมนท์: มาตรฐานการพยาบาลใ..


 Copyright 2026. Bcnsprnw @Library